LEADER 00988nam a2200253 i 4500 001 000000164652 003 CaOOAMICUS 005 20070921000000.0 008 070921s1970 it u000 u ita u 013 $a142020 040 $aSeMil$bita 100 1 $aColombo, Furio,$d<1931- >.$0(OLS)http://semarc/name/7622 245 13$aLe condizioni del conflitto /$cFurio Colombo. 260 $aMilano :$bBompiani,$ccopyr. 1970. 300 $a238 p. ;$c21 cm. 490 0 $aNuovi saggi italiani ;$v5 650 4$aCultura - Sec. 20.$0(OLS)http://semarc/subject/1367 650 4$aSocietā - Sec. 20.$0(OLS)http://semarc/subject/6215 830 0$aNuovi saggi italiani ;$v5.$0(OLS)http://semarc/title/17444 850 $aSeMil 852 $aSeMil$W1$xVenegono$y1$m3M II 365$j240066$B115885$CSeMilBibl$Z2$F126717 $81 961 $aRecupero: Altro 996 $6245$aLe condizioni del conflitto$9(OLS)http://semarc/title/234940 996 $6260$aMilano :$bBompiani$9(OLS)http://semarc/publisher/29706 LEADER 01239nam a2200241 i 4500 001 000000140543 003 CaOOAMICUS 005 20050621000000.0 008 050621s1997 it u000 u ita u 013 $a114744 040 $aSeMil$bita 100 1 $aTettamanzi, Dionigi,$c.$0(OLS)http://semarc/name/89456 245 10$aVieni Spirito Creatore :$bla Chiesa di Genova in cammino verso il Giubileo del 2000 /$cDionigi Tettamanzi. 260 $a[S.l. :$bs.n.],$cstampa 1997$e(Genova :$fGrafiche Fassicomo,$gstampa 1997) 300 $a119 p. ;$c20 cm. 500 $aA pič del front. : Linee per una pastorale organica e unitaria dell'Arcidiocesi di Genova 1997-98. 650 4$aGenova (Arcidiocesi).$0(OLS)http://semarc/subject/10236 650 4$aTettamanzi, Dionigi - Scritti, discorsi, omelie, lettere pastorali, etc.$0(OLS)http://semarc/subject/2681 850 $aSeMil 852 $aSeMil$W1$xVenegono$y1$m2F III 284$j93892$B93892$CSeMilBibl$Z2$F99563 $81 961 $aOmaggio: Altro 996 $6245$aVieni Spirito Creatore :$bla Chiesa di Genova in cammino verso il Giubileo del 2000$9(OLS)http://semarc/title/205373 996 $6260$a[S.l. :$bs.n.]$9(OLS)http://semarc/publisher/29751